Trénera by sme nemenili

Podrobná bibliografia
Hlavný autor: Hlaváčková, Emília (Autor)
Korporatívny autor: Pro Body (Košice, Slovensko) (Autor)
Médium: Článok
Jazyk:slovenčina
Predmet:

MARC

LEADER 00000nab a2200000 a 4500
001 vtls000912042
003 SK-MaSNL
005 20260302174315.0
008 040720e19910000xo 0 slo
035 |a KE20954 
040 |a KEVKJB  |b slo  |c KEVKJB  |e AACR2 
041 0 |a slo 
044 |a xo  |c SK 
080 |a 796.015.52  |2 1981 
100 1 |a Hlaváčková, Emília  |4 aut  |9 883811 
245 1 0 |a Trénera by sme nemenili 
590 |a Bernátová, Milena 
590 |a Sási, Alexander 
600 1 7 |a Bernátová, Milena  |2 KEVKJB  |9 883812 
600 1 7 |a Sási, Alexander  |2 KEVKJB  |9 30865 
610 2 7 |a Pro Body (Košice, Slovensko)  |2 KEVKJB  |9 30866 
650 0 7 |a kulturistika  |2 KEVKJB  |9 3254 
650 0 7 |a oddiely kulturistické (členovia)  |2 KEVKJB  |9 883813 
651 7 |a KE,  |2 KEVKJB  |9 877256 
655 7 |a periodikum  |2 snkbucl  |9 29553 
710 2 |a Pro Body (Košice, Slovensko)  |4 aut  |9 30866 
773 0 8 |t Kulturistika & fitšport  |g Roč. 1, č.12 (1991), s. 22-23 
852 |a ZVYKNI  |b KIS3GCP 
999 |c 1403688  |d 1405618